000 01169cam a22003131 4500
001 gs 48000055
003 DLC
005 20260227111353.0
008 850404s1946 iduab b 000 0 eng c
010 _ags 48000055
035 _a(OCoLC)11886365
040 _aU.S. Geol. Survey. Libr.
_cWaChenE
_dWaChenE
_dDLC
042 _apremarc
043 _an-us-id
050 0 0 _aTN24.I2
_bA43 no. 75
082 _a557.96
100 1 _aAnderson, Alfred Leonard,
_d1900-1964.
245 1 2 _aA geological reconnaissance in the Little Wood River (Muldoon) district, Blaine County, Idaho,
_cby Alfred L. Anderson and Warren R. Wagner.
260 _aMoscow,
_bUniversity of Idaho,
_c1946.
300 _a22 p.
_billus., maps (1 fold.)
_c27 cm.
490 1 _aPamphlet,
_v75
500 _aAt head of title: State of Idaho, Idaho Bureau of Mines and Geology.
504 _aBibliographical footnotes.
650 0 _aGeology
_zIdaho
_zBlaine County.
650 0 _aMines and mineral resources
_zIdaho
_zBlaine County.
700 1 _aWagner, Warren Richard,
_d1912-
710 2 _aIdaho Bureau of Mines and Geology.
830 0 _aPamphlet (Idaho Bureau of Mines and Geology) ;
_vno. 75.
999 _c28252
_d28252